000 00322nam a22001457a 4500
008 221208b ||||| |||| 00| 0 eng d
020 _a10012345678902
041 _aeng
080 _a51
082 _a51GAY
100 _a22.2
101 _amate
245 _aBEGINNING&INTERMEDIATE ALGEBRA
_cGAY M.E
942 _2udc
_cBK
999 _c59148
_d59148